Statistics for Paesi che confinano con la Russia

Click here to take the quiz!

General Stats

  • This quiz has been taken 631 times
  • The average score is 12 of 14

Answer Stats

Lunghezza Paese % Correct
3,645 kmCina
98%
290 kmEstonia
96%
1,576 kmUcraina
96%
3,441 kmMongolia
96%
227 kmLituania
94%
6,846 kmKazakistan
94%
959 kmBielorussia
94%
292 kmLettonia
93%
1,313 kmFinlandia
91%
723 kmGeorgia
85%
432 kmPolonia
85%
284 kmAzerbaijan
80%
18 kmCorea del Nord
77%
196 kmNorvegia
68%

Score Distribution

Percentile by Number Answered

Percent of People with Each Score

Your Score History

You have not taken this quiz